| 000 | 00622nam a22002177a 4500 | ||
|---|---|---|---|
| 005 | 20230203124439.0 | ||
| 008 | 230203b |||||||| |||| 00| 0 eng d | ||
| 020 |
_a9781464817304 _cRs.4000.00 |
||
| 040 | _aLoreto College | ||
| 041 | _aEnglish | ||
| 082 |
_a339.2 _bWOR |
||
| 110 | _aWorld Bank Group | ||
| 245 |
_aFinance for an equitable recovery _bWorld development report 2022 _cWorld Bank Group |
||
| 260 |
_aWashington D.C. _bThe World Bank _c2022 |
||
| 300 |
_axx,257p _b24cm |
||
| 650 | _aEconomic development | ||
| 650 | _aEquality-economic aspects | ||
| 650 | _aFinance | ||
| 850 | _aLCLIB | ||
| 942 | _cBK | ||
| 999 |
_c43123 _d93602 |
||